00399nam a2200133Ia 4500008004100000040001700041041001200058082001900070100002200089245008200111250001200193260004300205300001700248230917s9999||||xx |||||||||||||| ||und|| e200080aMAIN aEnglish a341.2 K147I(2) aKarns, Margaret P 0aInternational origanizations: The politics and processes of global governance a2nd ed. aLondonbLynne Rienner Publishersc2010 axiii, 633 p.